Los diálogos de Juan Maragall / (Record no. 63136)

MARC details
000 -LEADER
campo de control de longitud fija 00666nam a2200205 i 4500
001 - NÚMERO DE CONTROL
campo de control 63136
003 - IDENTIFICADOR DE NÚMERO DE CONTROL
campo de control ES-MaACL
005 - FECHA Y HORA DE LA ÚLTIMA TRANSACCIÓN
campo de control 20250808021001.0
007 - CAMPO FIJO DE DESCRIPCIÓN FÍSICA--INFORMACIÓN GENERAL
campo de control de longitud fija t|
008 - DATOS DE LONGITUD FIJA--INFORMACIÓN GENERAL
campo de control de longitud fija 031128s1971 sp ||||1| spa d
100 1# - ENTRADA PRINCIPAL--NOMBRE DE PERSONA
Nombre de persona Ferrán, Jaime,
Fechas asociadas al nombre 1928-
9 (RLIN) 50236
245 14 - MENCIÓN DEL TÍTULO
Título Los diálogos de Juan Maragall /
Mención de responsabilidad, etc. Jaime Ferrán.
260 ## - PUBLICACIÓN, DISTRIBUCIÓN, ETC.
Lugar de publicación, distribución, etc. Madrid :
Nombre del editor, distribuidor, etc. Editora Nacional,
Fecha de publicación, distribución, etc. 1971.
300 ## - DESCRIPCIÓN FÍSICA
Extensión 261 p. ;
Dimensiones 21 cm.
490 1# - MENCIÓN DE SERIE
Mención de serie "Vida y Pensamiento Españoles". Serie Biografías
600 14 - PUNTO DE ACCESO ADICIONAL DE MATERIA--NOMBRE DE PERSONA
Nombre de persona Maragall, Joan,
Fechas asociadas al nombre 1860-1911
9 (RLIN) 152432
830 00 - PUNTO DE ACCESO ADICIONAL DE SERIE-TÍTULO UNIFORME
Título uniforme Vida y pensamientos españoles.
Nombre de parte o sección de la obra Biografías
9 (RLIN) 176601
852 ## - LOCALIZACIÓN
Ubicación ES-MaACL
Número de control de estantería C-38783
Sublocalización o colección R.77783
Holdings
Estatus retirado Estado de pérdida Estado de daño No para préstamo Biblioteca de origen Biblioteca actual Ubicación en estantería Fecha de adquisición Fuente de adquisición Total de préstamos Signatura topográfica completa Código de barras Visto por última vez Precio de reemplazo Tipo de ítem Koha
        Biblioteca del Ateneo de Madrid Biblioteca del Ateneo de Madrid Depósito 2 17/01/2008     C-38783 1066184 23/02/2023 23/02/2023 Libro impreso